Property insolvency (Record no. 115709)

MARC details
000 -LEADER
fixed length control field 01256cam a22003015a 4500
001 - CONTROL NUMBER
control field L159156
008 - FIXED-LENGTH DATA ELEMENTS--GENERAL INFORMATION
fixed length control field 160212s2015 xxk f 000 0 eng d
020 ## - INTERNATIONAL STANDARD BOOK NUMBER
International Standard Book Number 9781846615474
035 ## - SYSTEM CONTROL NUMBER
System control number (Sirsi) u159156
041 0# - LANGUAGE CODE
Language code of text/sound track or separate title eng
050 04 - LIBRARY OF CONGRESS CALL NUMBER
Classification number 346.41078 $2 18
100 1# - MAIN ENTRY--PERSONAL NAME
Personal name Levaggi, Peter
245 00 - TITLE STATEMENT
Title Property insolvency
250 ## - EDITION STATEMENT
Edition statement 2 ed
260 ## - PUBLICATION, DISTRIBUTION, ETC.
Place of publication, distribution, etc. Bristol
Name of publisher, distributor, etc. Jordans
Date of publication, distribution, etc. 2015
300 ## - PHYSICAL DESCRIPTION
Extent xlviii, 356p.
Dimensions 25cm.
350 ## - PRICE (NR) (BK AM CF MU VM SE) [OBSOLETE]
Price 95
520 ## - SUMMARY, ETC.
Summary, etc. Provides indepth coverage of the law relating to property insolvency including administrative receivership, bankruptcy and liquidation, forfeiture, third party liability and disclaimers. Other topics include freehold and landlord insolvency, mortgagees and receivers, the role of Law of Property Act receivers and Fixed charge receivers, property assets and personal insolvency, and taxation issues relating to insolvency. Appendices include examples of notices suitable for using for property insolvency purposes.
521 ## - TARGET AUDIENCE NOTE
Target audience note Advanced
590 ## - LOCAL NOTE (RLIN)
Local note KA
650 24 - SUBJECT ADDED ENTRY--TOPICAL TERM
Topical term or geographic name entry element INSOLVENCY
9 (RLIN) 6247
650 24 - SUBJECT ADDED ENTRY--TOPICAL TERM
Topical term or geographic name entry element LAW OF PROPERTY ACT RECEIVERS
650 24 - SUBJECT ADDED ENTRY--TOPICAL TERM
Topical term or geographic name entry element FIXED CHARGE RECEIVERSHIP
651 #4 - SUBJECT ADDED ENTRY--GEOGRAPHIC NAME
Geographic name England and Wales
Chronological subdivision 1543-
690 ## - LOCAL SUBJECT ADDED ENTRY--TOPICAL TERM (OCLC, RLIN)
Topical term or geographic name as entry element Finance and taxation
700 1# - ADDED ENTRY--PERSONAL NAME
Personal name Elford, Roger
942 ## - ADDED ENTRY ELEMENTS (KOHA)
Suppress in OPAC 0
Source of classification or shelving scheme Dewey Decimal Classification
Holdings
Withdrawn status Lost status Source of classification or shelving scheme Damaged status Not for loan Home library Current library Shelving location Date acquired Total Checkouts Full call number Barcode Date last seen Copy number Price effective from Koha item type
    Dewey Decimal Classification     London London Books 12/02/2016   346.41078 LEV 30075260 06/08/2019 1 06/08/2019 Book